|
|
|
|
| LEADER |
01056nam a22002657a 4500 |
| 001 |
AAL4173 |
| 003 |
BD-DhAAL |
| 005 |
20160316095751.0 |
| 008 |
160316m20031998bg a|||| b||| 001 0 ben d |
| 020 |
|
|
|a 9844103266
|
| 040 |
|
|
|a BD-DhAAL
|c BD-DhAAL
|
| 082 |
|
|
|a 333.7
|
| 100 |
|
|
|a ইসলাম, এম আমিনুল
|9 18541
|
| 245 |
|
|
|a সম্পদ ব্যবস্থাপনা /
|c এম আমিনুল ইসলাম
|
| 246 |
|
|
|a RESOURCE MANAGEMENT /
|
| 260 |
|
|
|a ঢাকা :
|b মাওলা ব্রাদার্স,
|c ২০০৩
|
| 300 |
|
|
|a ২৬৭ পৃ. :
|b চিত্র ;
|c ২২ সে.মি.
|
| 504 |
|
|
|6 Includes bibliography and index
|
| 541 |
|
|
|e 4173
|
| 650 |
|
|
|a Natural resources
|x Management.
|9 18542
|
| 650 |
|
|
|a Environmental protection.
|9 18543
|
| 852 |
|
|
|a Savar Campus Library
|c General Shelf
|
| 942 |
|
|
|2 ddc
|c BK
|
| 999 |
|
|
|c 37127
|d 37127
|
| 952 |
|
|
|0 0
|1 0
|2 ddc
|4 0
|6 333_700000000000000_ISL
|7 0
|9 58394
|a SCL
|b SCL
|c GEN
|d 2016-03-16
|g 200.00
|l 0
|o 333.7 ISL
|p 3020004173
|r 2016-03-16
|t 1
|w 2016-03-16
|y BK
|